La pedophilie en question /

में बचाया:
ग्रंथसूची विवरण
मुख्य लेखक: Douce, Pasteur J. (लेखक)
अन्य लेखक: Waynberg, Jacques
स्वरूप: पुस्तक
भाषा:फ़्रेंच
प्रकाशित: Paris : Lumiere & Justice, c1987
टैग: टैग जोड़ें
कोई टैग नहीं, इस रिकॉर्ड को टैग करने वाले पहले व्यक्ति बनें!

MARC

LEADER 00000nam a22000007i 4500
001 IT\ICCU\UBO\3545807
003 ItRI
005 20260115231840.0
008 081218s1987 fr |||||| ||||| |||||c
020 |a 2906033057 
040 |b ita  |c importazione bologna sebina 
041 7 |a fre  |2 ISO-639-2 
100 1 |a Douce, Pasteur J.  |0 IT\ICCU\UBOV\253465  |4 aut 
245 1 3 |a La pedophilie en question /  |c ouvrage collectif sous la direction de J. Doucé ; preface Jacques Waynberg. 
260 |a Paris :  |b Lumiere & Justice,  |c c1987 
300 |a 247 p. ;  |c 24 cm. 
700 1 |a Waynberg, Jacques  |0 IT\ICCU\BVEV\107379 
942 |2 ddc  |c BK  |n 0 
952 |0 0  |1 0  |4 0  |6 DOC_306_760000000000000_DOU  |7 0  |9 14193  |a BO  |b BO  |d 2026-01-15  |i 1641  |l 0  |o DOC 306.76 DOU  |p BO1641  |r 2026-01-15 23:18:40  |w 2026-01-15  |x [Sebina 5] [1 v.]  |y BK  |z 1 v. 
999 |c 12245  |d 12245